| 000 | 00756nam a22002057a 4500 | ||
|---|---|---|---|
| 020 | _a0723607850 | ||
| 040 | _cPAK-NSHSNUST | ||
| 082 | 0 | 0 |
_a616.075 _bFRE |
| 100 | 1 |
_aFrench, Herbert, _d1875-1951. _9126214 |
|
| 245 | 1 | 0 |
_aFrench's index of differential diagnosis / _cedited by F. Dudley Hart. |
| 250 |
_aTwelfth Edition. _bedited by F. Dudley Hart. |
||
| 260 |
_aBristol : _bWright, _c1985. |
||
| 300 |
_axi; 1032, pages. _c24.5 cm _b illus. |
||
| 500 | _aIncludes bibliographical references and indexes. | ||
| 546 | _aIn English | ||
| 650 | 0 |
_aDiagnosis, Differential _xEncyclopedias. _9126215 |
|
| 700 | 1 |
_aHart, F. Dudley _q(Francis Dudley) _9126216 |
|
| 942 |
_2ddc _cBK |
||
| 999 |
_c611574 _d611574 |
||